000 00379nam a22001577a 4500
003 MPLRDC
005 20220104125134.0
008 210129b ||||| |||| 00| 0 eng d
082 _a857.9 GL-104 v.2
100 _a古龙
245 _a南剑北斧. 二
_c
260 _a
_b桂冠图书有限公司
_c
300 _b
650 _a武侠小说
942 _cBK
_o857.9 GL-104 v.2
999 _c24964
_d24954